Process Food And Dairy Engineering (Record no. 3152)

MARC details
000 -LEADER
fixed length control field 00233nam a22001097a 4500
041 ## - LANGUAGE CODE
Language code of text/sound track or separate title ENG
245 ## - TITLE STATEMENT
Title Process Food And Dairy Engineering
260 ## - PUBLICATION, DISTRIBUTION, ETC. (IMPRINT)
Place of publication, distribution, etc Bhopal
Name of publisher, distributor, etc ICAR
Date of publication, distribution, etc 1985
300 ## - PHYSICAL DESCRIPTION
Extent IV-57
650 ## - SUBJECT ADDED ENTRY--TOPICAL TERM
Topical term or geographic name as entry element GAE (37)
856 ## - ELECTRONIC LOCATION AND ACCESS
Uniform Resource Identifier GAE (37)

No items available.

Contact Us: College of Agricultural Engineering and Technology, Dapoli, Dist.- Ratnagiri
Website: https://dbskkv.org Email: caetlibrary2015@gmail.com